Datum a čas kvízu
40
Celkem bodů
Celkový počet nahraných bodů na tomto kvízu bez doplňovacích otázek.
1.
Pořadí na kvízu
Konečné umístění týmu na tomto kvízu.
Zaznamenané odpovědi
| # | Otázka | Odpověď | Body | Výsledky |
|---|---|---|---|---|
| 1. | Ministr průmyslu a obchodu Kar... | Ministerstvo hospodářství | 1 | |
| 2. | Zsolt Hegedűs zboural minulé p... | B) zdravotnictví | 1 | |
| 3. | Taylor Momsen, zpěvačka kapely... | pavouk | 1 | |
| 4. | Minulý týden oznámil jistý dis... | Lidl | 0 | |
| 5. | Marie-Louise Eta si minulý týd... | B | 0 | |
| 6. | Vítězné téma FB hlasování zahá... | Luděk Marold, bitva u Lipan | 1 | |
| 7. | Přiřaďte jednotlivá města k je... | 1B 2D 3A 4C | 0 | |
| 8. | „Co až budeme nahoře, to teprv... | Homolka a tobolka; Marie Motlová | 0.5 | |
| 9. | Panorama je služba webové strá... | Dlouhé stráně | 1 | |
| 10. | Na závěr si dáme noční pohled... | Istanbul | 0 |